000 00474nam a2200157 a 4500
999 _c9335
_d9335
020 _a812390410X (paperback)
020 _a9788123904108 (paperback)
082 _a621.3140288KHU
100 1 _a Khudyakov,Z.
245 1 0 _aRepair Of Power Transformers
260 _aNew Delhi
_bCBS publisher
_c1995
300 _a333p.
650 _aElectric transformers--Maintenance and repair
856 4 0 _uhttp://www.amazon.com/exec/obidos/ASIN/812390410X/chopaconline-20
942 _cBK